000 00935 a2200229 4500
001 39637
005 20260407155653.0
008 260407a1981 arg spa d
003 AR-UNSa-BCEJYS
040 _aAR-UNSa-BCEJYS
_bspa
_cAR-UNSa-BCEJYS
080 _a711
_xPrincipios y práctica de la ordenación. Ordenación del territorio, ordenación urbana y rural
245 1 0 _aLa ciudad cotidiana
020 _a84-7088-278-3
264 1 _aMadrid :
_bInstituto de Estudios de Administración Local
_c1981
300 _a300 p.
_c31 cm.
505 _a1. Espacio urbano, espacio humano - 2. Vivir su barrio - 3. Estructura aromica - 4. Organización y servicios - 5. Ritmos y lugares - 6. A la búsqueda de una ciudad ideal - 7. La urbanización regional: Los espacios y el tiempo -
041 _aspa
942 _cBK
590 _aniveau_biblio:m niveau_hierar:0
100 1 _aVioque Lozano, Juan
700 1 _aBertrand, Michel-Jean
999 _c3072
_d3072